Home information packs (Record no. 78748)
[ view plain ]
| 000 -LEADER | |
|---|---|
| fixed length control field | 01512cab a22002535a 4500 |
| 001 - CONTROL NUMBER | |
| control field | L137947 |
| 008 - FIXED-LENGTH DATA ELEMENTS--GENERAL INFORMATION | |
| fixed length control field | 070509s2007 xxk f 000 0 eng d |
| 035 ## - SYSTEM CONTROL NUMBER | |
| System control number | (Sirsi) u137947 |
| 041 0# - LANGUAGE CODE | |
| Language code of text/sound track or separate title | eng |
| 100 1# - MAIN ENTRY--PERSONAL NAME | |
| Personal name | Windle, Chris |
| 245 00 - TITLE STATEMENT | |
| Title | Home information packs |
| 260 ## - PUBLICATION, DISTRIBUTION, ETC. | |
| Date of publication, distribution, etc. | 2007 |
| 490 ## - SERIES STATEMENT | |
| Series statement | Housebuilder |
| Volume/sequential designation | 66(4) May 2007, 30-37(5) |
| 520 ## - SUMMARY, ETC. | |
| Summary, etc. | Two articles address issues surrounding HIPs which are to be introduced on 1 June. "Get Packing" provides a guide to HIPs and considers the likely effect on the housing market. Finds that the speculated rush to sell before the deadline has yet to occur. Argues that homebuilders will be least affected as they already hold much of the required information. A potential shortage of energy assessors for EPCs is one concern. Packs may stop homeowners marketing their property simply to assess the price. Greater interest in part exchange may result. As yet, homeowner awareness appears limited. Presents numerous views from industry stakeholders. "Pack Mentality" provides practical advice on compiling HIPs. It lists exempt property types, examines EPCs and addresses timescales. |
| 590 ## - LOCAL NOTE (RLIN) | |
| Local note | KA |
| 650 24 - SUBJECT ADDED ENTRY--TOPICAL TERM | |
| Topical term or geographic name entry element | HOME INFORMATION PACKS |
| 650 24 - SUBJECT ADDED ENTRY--TOPICAL TERM | |
| Topical term or geographic name entry element | RESIDENTIAL ENERGY PERFORMANCE CERTIFICATES |
| 650 24 - SUBJECT ADDED ENTRY--TOPICAL TERM | |
| Topical term or geographic name entry element | PROPERTY MISDESCRIPTIONS ACT 1991 |
| 650 24 - SUBJECT ADDED ENTRY--TOPICAL TERM | |
| Topical term or geographic name entry element | DIRECTIVE 2002/91/EC |
| 651 #4 - SUBJECT ADDED ENTRY--GEOGRAPHIC NAME | |
| Geographic name | England and Wales |
| Chronological subdivision | 1543- |
| 690 ## - LOCAL SUBJECT ADDED ENTRY--TOPICAL TERM (OCLC, RLIN) | |
| Topical term or geographic name as entry element | PROPERTY-RESIDENTIAL PROPERTY-ACQUISITION AND DISPOSAL OF RESIDENTIAL PROPERTY |
| 700 1# - ADDED ENTRY--PERSONAL NAME | |
| Personal name | Smith, Christine |
| 942 ## - ADDED ENTRY ELEMENTS (KOHA) | |
| Suppress in OPAC | 0 |
| Withdrawn status | Lost status | Source of classification or shelving scheme | Damaged status | Not for loan | Home library | Current library | Shelving location | Date acquired | Total Checkouts | Full call number | Barcode | Date last seen | Copy number | Price effective from | Koha item type |
|---|---|---|---|---|---|---|---|---|---|---|---|---|---|---|---|
| Dewey Decimal Classification | London | London | Journal article | 09/05/2007 | L137947 | 137947-1001 | 06/08/2019 | 1 | 06/08/2019 | Journal article |